000 01160nam a22002417a 4500
003 Uzh_bibl
008 250825b |||||||| |||| 00| 0 ukr d
020 _a5-325-005121-9
_c672.71
040 _bукр.
041 _2ukr
_aukr
080 _a91
090 _a91
_bБ 41
100 _aБейдик, Олександр
245 _aГеографія
_hТекст
260 _aКиїв
_bЛибідь
_c1995
300 _a304 с.
_fВ опр.
520 _aУ посібнику розглдянуто основні питання сучасної географії: географія материків і частин світу, плолітична карта світу,міжнародний географічний поділ праці, географія України, країн СНД і Балтії тощо.
521 _aДля вступників до вищих навчальних закладів, учнів загальноосвітніх шкіл, гімназій та ліцеїв.
546 _aукр.
650 _aнавчальний посібник
700 _aПадун, Микола
942 _2udc
_cBK
999 _c15350
_d15350